Normal view
MARC view
- Hargreaves G
Entry Personal Name
001 - CONTROL NUMBER
- control field: 24925
003 - CONTROL NUMBER IDENTIFIER
- control field: OSt
005 - DATE AND TIME OF LATEST TRANSACTION
- control field: 20220803172432.0
008 - FIXED-LENGTH DATA ELEMENTS
- fixed length control field: 220803|| aca||aabn | a|a d
040 ## - CATALOGING SOURCE
- Original cataloging agency: OSt
- Transcribing agency: OSt
100 ## - HEADING--PERSONAL NAME
- Personal name: Hargreaves G
670 ## - SOURCE DATA FOUND
- Source citation: Work cat.: (OSt)15806: Hargreaves G, Hargreaves : The Alchemy Of Landscape Architecture, 2014